Physics for students of science and engineering

Gorde:
Xehetasun bibliografikoak
Egile nagusia: Resnick, Robert, 1923-
Beste egile batzuk: Halliday, David
Formatua: Liburua
Hizkuntza:English
Argitaratua: New York, New York : Willey, 1962.
Gaiak:
Etiketak: Etiketa erantsi
Etiketarik gabe, Izan zaitez lehena erregistro honi etiketa jartzen!

MARC

LEADER 00000nam a2200000Ia 4500
003 000201
005 20221231143940.0
008 140114s1962 nyua 000 ||eng d
040 |c cru CEDI 
082 |a 530 R434p 
100 |a Resnick, Robert, 1923-  |9 19860 
245 |a Physics for students of science and engineering 
260 |a  New York, New York : Willey,   |c 1962. 
300 |a 2 volúmenes : ilustraciones ; 24 cm 
650 |x FISICA  |9 19861 
700 |9 19859  |a Halliday, David 
942 |2 ddc 
999 |c 14669  |d 14669